Odd One Out - Easy - Statistics

General Stats
  • This quiz has been taken 35 times
  • The average score is 7 of 10
Answer Stats
Question Answer % Correct
Canadian province Alaska
100%
English singer Celine Dion
100%
Chinese president Tony Tan
100%
Louisiana food Brisket
67%
British territory Christmas Island
67%
Musical note Ge
67%
North American country Guyana
67%
American restaurant Jollibee
67%
Indian city Dhaka
33%
Scottish instrument Didgeridoo
33%
No matching quizzes found
Score Distribution
Percent of People with Each Score
Percentile by Number Answered
Your Score History
You have not taken this quiz